All about Christmas. (Record no. 2581)

MARC details
000 -LEADER
fixed length control field 00654cam a22002531 4500
001 - CONTROL NUMBER
control field 6513794
003 - CONTROL NUMBER IDENTIFIER
control field GBCCL
005 - DATE AND TIME OF LATEST TRANSACTION
control field 20241126110432.0
008 - FIXED-LENGTH DATA ELEMENTS--GENERAL INFORMATION
fixed length control field 730411s1954 nyu 000 0 eng
010 ## -
-- 54008965
035 ## - SYSTEM CONTROL NUMBER
System control number (OCoLC)601598
040 ## - CATALOGING SOURCE
Original cataloging agency DLC
Transcribing agency OUrC
Modifying agency OCoLC
-- DLC
042 ## -
-- premarc
050 00 -
-- GT4985
-- .K68
082 ## - DEWEY DECIMAL CLASSIFICATION NUMBER
Classification number 263.915
Item number KRY
100 1# - MAIN ENTRY--PERSONAL NAME
Personal name Krythe, Maymie Richardson.
9 (RLIN) 5411
245 10 - TITLE STATEMENT
Title All about Christmas.
250 ## - EDITION STATEMENT
Edition statement [1st ed.]
260 ## - PUBLICATION, DISTRIBUTION, ETC.
Place of publication, distribution, etc. New York,
Name of publisher, distributor, etc. Harper
Date of publication, distribution, etc. [1954]
300 ## - PHYSICAL DESCRIPTION
Extent 211 p.
Dimensions 22 cm.
650 #0 - SUBJECT ADDED ENTRY--TOPICAL TERM
Topical term or geographic name entry element Christmas.
9 (RLIN) 5407
906 ## - LOCAL DATA ELEMENT F, LDF (RLIN)
a 7
b cbc
c oclcrpl
d u
e ncip
f 19
g y-gencatlg
942 ## - ADDED ENTRY ELEMENTS (KOHA)
Source of classification or shelving scheme Dewey Decimal Classification
Koha item type Books
Koha issues (borrowed), all copies 1
Holdings
Withdrawn status Lost status Source of classification or shelving scheme Damaged status Not for loan Home library Current Library Shelving location Date acquired Total checkouts Full call number Barcode Date last seen Date last checked out Copy number Price effective from Koha item type
    Dewey Decimal Classification     GRACE BIBLE COLLEGE GRACE BIBLE COLLEGE Ministry & Mission 2017-08-25 1 263.915 KRY 002279 2025-05-01 2019-11-07 c.1 2017-08-25 Books
© Grace Bible College Library 2025